000 00787nam a2200277Ia 4500
003 OSt
005 20220918164509.0
006 a|||||r|||| 00| 0
007 ta
008 220917b |||||||| |||| 00| 0 eng d
020 _a0631211500 (pbk)
024 _a196,070
037 _cTextual
040 _aARTS
_cARTS
_beng
041 _2eng
_aeng
082 _aQ6:3, P1
100 _aGriffiths Paul J
_914208
245 0 _aProblems of religious diversity
260 _aUSA
_bBlackwell publishers
_c2001
300 _axv,176 p.
_ccm.
490 _aExploring the philosophy of religion
650 _aRELIGION
700 _a Peterson Michael L. Ed.
_919194
942 _hQ6:3, P1
_cTEXL
_2CC
999 _c125050
_d125050